|
|
|
|
| LEADER |
02616nam a22003855i 4500 |
| 001 |
978-1-4302-3531-6 |
| 003 |
DE-He213 |
| 005 |
20140918032130.0 |
| 007 |
cr nn 008mamaa |
| 008 |
110811s2011 xxu| s |||| 0|eng d |
| 020 |
|
|
|a 9781430235316
|9 978-1-4302-3531-6
|
| 024 |
7 |
|
|a 10.1007/978-1-4302-3531-6
|2 doi
|
| 040 |
|
|
|d GrThAP
|
| 050 |
|
4 |
|a QA75.5-76.95
|
| 072 |
|
7 |
|a UY
|2 bicssc
|
| 072 |
|
7 |
|a COM014000
|2 bisacsh
|
| 082 |
0 |
4 |
|a 004
|2 23
|
| 100 |
1 |
|
|a Clark, Dan.
|e author.
|
| 245 |
1 |
0 |
|a Beginning C# Object-Oriented Programming
|h [electronic resource] /
|c by Dan Clark.
|
| 264 |
|
1 |
|a Berkeley, CA :
|b Apress :
|b Imprint: Apress,
|c 2011.
|
| 300 |
|
|
|a XVI, 378 p.
|b online resource.
|
| 336 |
|
|
|a text
|b txt
|2 rdacontent
|
| 337 |
|
|
|a computer
|b c
|2 rdamedia
|
| 338 |
|
|
|a online resource
|b cr
|2 rdacarrier
|
| 347 |
|
|
|a text file
|b PDF
|2 rda
|
| 520 |
|
|
|a Beginning C# Object-Oriented Programming brings you into the modern world of development as you master the fundamentals of programming with C# and learn to develop efficient, reusable, elegant code through the object-oriented programming (OOP) methodology. Take your skills out of the 20th century and into this one with Dan Clark's accessible, quick-paced guide to C# and object-oriented programming, completely updated for .NET 4.0 and C# 4.0. As you develop techniques and best practices for coding in C#, one of the world's most popular contemporary languages, you'll experience modeling a “real world” application through a case study, allowing you to see how both C# and OOP (a methodology you can use with any number of languages) come together to make your code reusable, modern, and efficient. With more than 30 fully hands-on activities, you'll discover how to transform a simple model of an application into a fully-functional C# project, including designing the user interface, implementing the business logic, and integrating with a relational database for data storage. Along the way, you will explore the .NET Framework, the creation of a Windows-based user interface, a web-based user interface, and service-oriented programming, all using Microsoft's industry-leading Visual Studio 2010, C#, Silverlight, the Entity Framework, and more.
|
| 650 |
|
0 |
|a Computer science.
|
| 650 |
1 |
4 |
|a Computer Science.
|
| 650 |
2 |
4 |
|a Computer Science, general.
|
| 710 |
2 |
|
|a SpringerLink (Online service)
|
| 773 |
0 |
|
|t Springer eBooks
|
| 776 |
0 |
8 |
|i Printed edition:
|z 9781430235309
|
| 856 |
4 |
0 |
|u http://dx.doi.org/10.1007/978-1-4302-3531-6
|z Full Text via HEAL-Link
|
| 912 |
|
|
|a ZDB-2-CWD
|
| 950 |
|
|
|a Professional and Applied Computing (Springer-12059)
|